000 00695aas a2200217 4500
999 _c2933
_d2933
003 BR-BrBNA
005 20230317233637.0
007 ta
008 230119b bl ||||| |||| 00| 0 por d
035 _a000485-5
040 _aBR-BrBNA
_bPor
_cBR-BrBNA
042 _aN
044 _abl
245 _aFolha Extensionista (Brazil)
260 _aFortaleza-CE
_bEmpresa de Assistência Técnica e Extensão Rural do Ceará - Serviço de Extensão Rural
_c1988. Data final de publicação em 1996
_eBCE
270 _aCaixa Postal 08 - 60001-000
310 _airregular
505 _a1988 3(19), 4(22-24); 1989-90 5(27-36); 1992 8(37-38); 1995-96 6-7(41-43);
909 _a56
_bSergio Santos
_c56
_dSergio Santos
942 _cCR
_2AGRIS